000 01148cam a2200313 i 4500
003 CSPC
005 20251125115310.0
008 112525c2018 jm br i 000 0 eng d
022 _a0964-3397
040 _aCSPC
_cCSPC
_beng
_drda
050 0 0 _aRJ253.5
_b.C47 2008
082 0 0 _a618.92/01076
_222
_bIn813
245 0 0 _aIntensive and critical care nursing.
264 _aJamaica ;
_bElsevier.
_c2018.
300 _avolume :
_billustrations ;
_c28 cm.
336 _atext
_btxt
_2rdacontent
337 _aunmediated
_bn
_2rdamedia
338 _avolume
_bnc
_2rdacarrier
362 _aVolume 45
362 _aVolume 46
490 _aInternational journal of research and practice.
504 _aIncludes bibliographical references.
521 _aCollege of Health and Sciences CHS
650 0 _aNeonatal intensive care
_vExaminations, questions, etc.
_xPeriodicals.
650 0 _aIntensive care nursing
_xPeriodicals.
700 1 _aDawson, Deborah.,
_eeditor.
942 _2ddc
_n0
_cSERIALS
_h618.92/01076
_iIn813
_kSER
_m2018
999 _c30919
_d30919